书目信息 |
| 题名: |
故事新编
|
|
| 作者: | 鲁迅 著 | |
| 分册: | ||
| 出版信息: | 北京 人民文学出版社 1973.5 |
|
| 页数: | 129页 | |
| 开本: | 19cm | |
| 丛书名: | ||
| 单 册: | ||
| 中图分类: | I210.2 | |
| 科图分类: | ||
| 主题词: | 文学--作品集--中国 | |
| 电子资源: | ||
| ISBN: | ||
| 000 | 00499nam0 2200193 45 | |
| 001 | 0181022930 | |
| 005 | 20060818084729.12 | |
| 010 | @dCNY0.31 | |
| 091 | @a10019.1999 | |
| 100 | @a20810111d km y0chiy0120 ea | |
| 101 | 0 | @achi |
| 200 | 1 | @Agu shi xin bian@Flu xun zhu@a故事新编@f鲁迅著 |
| 210 | @a北京@c人民文学出版社@d1973.5 | |
| 215 | @a129页@d19cm | |
| 606 | 0 | @a文学@x作品集@x中国 |
| 690 | @aI210.2 | |
| 701 | 0 | @a鲁迅@4著 |
| 801 | @aCN@bTSTC@c20060818 | |
| 905 | @dI210.2@f14@b276070-083@e15 | |
| 故事新编/鲁迅著.-北京:人民文学出版社,1973.5 |
| 129页;19cm |
| ISBN :CNY0.31 |
| ● |
| 相关链接 |
|
|
|
|
正题名:故事新编
索取号:I210.2/15
 
预约/预借
| 序号 | 登录号 | 条形码 | 馆藏地/架位号 | 状态 | 备注 |
| 1 | 0427520 | 204275202 | 密集书库/ [索取号:I210.2/15] | 在馆 | |
| 2 | 0468012 | 204680121 | 密集书库/ [索取号:I210.2/15] | 在馆 | |
| 3 | 0468013 | 204680130 | 密集书库/ [索取号:I210.2/15] | 在馆 | |
| 4 | 0468014 | 204680149 | 密集书库/ [索取号:I210.2/15] | 在馆 | |
| 5 | 0468015 | 204680158 | 密集书库/ [索取号:I210.2/15] | 在馆 | |
| 6 | 0468016 | 204680167 | 密集书库/ [索取号:I210.2/15] | 在馆 | |
| 7 | 0468017 | 204680176 | 密集书库/ [索取号:I210.2/15] | 在馆 |